000 00323 a2200109 4500
001 ART_27809
005 20260410161949.0
008 260409a
245 1 0 _aEl aula como espacio de investigación
100 1 _aFernandez, María del Rosario
773 0 _tInvenio
_g- Año 2, Nº 3 (jun. 1999)
_wREV27781
999 _c30242
_d30242